000 00391 a2200157 4500
001 61390
020 _a9783190116614
040 _cAnchieta - Pituba
100 _aBönzli, Werner
240 1 0 _aGrammatikalische Liebeslieder
_lpor
245 1 0 _aGrammatikalische Liebeslieder
300 _a75
362 0 _a2007
650 4 _aLínguas germânicas (teutônicas) língua alemã
942 _cBK
999 _c61390
_d61390